Name the Celebrity by their Famous Partner - Statistics

General Stats
  • This quiz has been taken 77 times
    55 since last reset
  • The average score is 19 of 42
Answer Stats
Famous Partner Celeb % Correct
Travis Kelce Taylor Swift
91%
Jay-z Beyonce
89%
Megan Markle Prince Harry
86%
Blake Lively Ryan Reynolds
86%
Jada Pinkett Will Smith
86%
Kate Middleton Prince William
84%
Ben Affleck Jennifer Lopez
75%
Ashton Kutcher Mila Kunis
75%
Chrissy Teigen John Legend
73%
Tom Holland Zendaya
70%
Priyanka Chopra Nick Jonas
68%
Travis Barker Kourtney Kardashian
66%
John Krasinski Emily Blunt
64%
Blake Shelton Gwen Stefani
59%
Portia de Rossi Ellen Degeneres
55%
Timotheé Chalamet Kylie Jenner
55%
Eva Mendes Ryan Gosling
55%
Rita Wilson Tom Hanks
52%
Faith Hill Tim McGraw
48%
Katherine Schwarzenegger Chris Pratt
45%
Matthew Broderick Sarah Jessica Parker
43%
Odell Beckham Jr. Kim Kardashian
41%
Dax Sheperd Kristen bell
41%
Javier Bardem Penelope Cruz
39%
Barry Keoghan Sabrina Carpenter
39%
Kurt Russell Goldie Hawn
36%
Louis Partridge Olivia Rodrigo
32%
Freddie Prinze Jr. Sarah Michelle Geller
25%
Mary Steenburgen Ted Danson
23%
Leighton Meester Adam Brody
20%
Allison Brie Dave Franco
20%
Dwayne Wade Gabrielle Union
20%
Leslie Mann Judd Apatow
20%
Kelly Ripa Mark Consuelos
20%
Austin Butler Kaia Gerber
18%
Bradley Cooper Gigi Hadid
14%
Stedman Graham Oprah
14%
Justin Verlander Kate Upton
9%
Cole Tucker Vanessa Hudgens
9%
Daryl Sabra Megan Trainor
7%
Towa Bird Renee Rapp
5%
Sheryl Berkhoff Rob Lowe
5%
No matching quizzes found
Score Distribution
Percent of People with Each Score
Percentile by Number Answered
Your Score History
You have not taken this quiz since the last reset